| 000 -LEADER |
| fixed length control field |
00610nam a2200193Ia 4500 |
| 008 - FIXED-LENGTH DATA ELEMENTS--GENERAL INFORMATION |
| fixed length control field |
190805s9999||||xx |||||||||||||| ||und|| |
| 020 ## - INTERNATIONAL STANDARD BOOK NUMBER |
| International Standard Book Number |
9780074633502 |
| Terms of availability |
Rs. 685.00 |
| 082 04 - DEWEY DECIMAL CLASSIFICATION NUMBER |
| Classification number |
530.7 |
| Item number |
R162 |
| 100 1# - MAIN ENTRY--PERSONAL NAME |
| Personal name |
Rangan, C. S. |
| 245 10 - TITLE STATEMENT |
| Title |
Instrumentation: Devices and system / |
| 250 ## - EDITION STATEMENT |
| Edition statement |
2nd ed. |
| 260 ## - PUBLICATION, DISTRIBUTION, ETC. (IMPRINT) |
| Place of publication, distribution, etc |
New Delhi : |
| Name of publisher, distributor, etc |
McGraw Hill Education India, |
| Date of publication, distribution, etc |
1997, reprinted 2016 |
| 300 ## - PHYSICAL DESCRIPTION |
| Extent |
xiv, 549 p. |
| Other physical details |
: ill. |
| Dimensions |
; 24 cm. |
| 650 #0 - SUBJECT ADDED ENTRY--TOPICAL TERM |
| Topical term or geographic name as entry element |
Measuring instruments |
| 700 1# - ADDED ENTRY--PERSONAL NAME |
| Personal name |
Mani, V. S. V. |
| 700 1# - ADDED ENTRY--PERSONAL NAME |
| Personal name |
Sarma, G. R. |
| 852 ## - LOCATION/CALL NUMBER |
| Location |
|
| 942 ## - ADDED ENTRY ELEMENTS (KOHA) |
| Item type |
Books |